| 000 | 00876nam a2200217 i 4500 | ||
|---|---|---|---|
| 001 | 166901 | ||
| 003 | ES-MaACL | ||
| 005 | 20231223063113.0 | ||
| 008 | 960320s1891 sp |||| | spa d | ||
| 100 | 1 |
_aValera, Juan, _d1824-1905 _9112638 |
|
| 245 | 1 | 4 |
_aLas mujeres y las academias : _bcuestión social inocente / _cpor Eleuterio Filogyno. |
| 260 |
_aMadrid : _bLibrería de Fernando Fé, _c1891 ( _fEst. tip. de Ricardo Fé) |
||
| 300 |
_a50 p. ; _c19 cm. |
||
| 530 | _aDisponible en formato digital. | ||
| 594 | _aEleuterio Filogyno es seud. de Juan Valera. | ||
| 650 | 4 |
_aInstituciones culturales- _zEspaña. _913831 |
|
| 650 | 4 |
_aMujeres intelectuales- _zEspaña. _9147264 |
|
| 852 |
_aES-MaACL _jL-4899(6-4) _z- Enc. hol. _z- Donativo Roda |
||
| 856 |
_uhttp://bdh-rd.bne.es/viewer.vm?id=0000246943&page=1 _zBiblioteca Digital Hispánica |
||
| 999 |
_c166901 _d166901 |
||